00383pab a2200133 454500008004000000100002100040245007000061260000900131300001500140362000900155650002100164650001800185773004600203180718b2006 xxu||||| |||| 00| 0 eng d aSabia, Joseph J. aDoes sex education affect adolescent sexual behaviors and health? c2006 ap.783-802. aFall aSexual behaviour aSex education aJournal of Policy Analysis and Management